00410pab a2200145 454500008004000000100002500040245007600065260000900141300001500150362000800165650001400173650002200187700002200209773003300231180718b2017 xxu||||| |||| 00| 0 eng d aThomsen, Danielle M. aWhich women can run? gender, partisanship, and candidate donor networks c2017 ap.449-463. aJun aElections aWomen in politics aSwers, Michele L. aPolitical Research Quarterly